La Argentina. Del Plata a la Cordillera de los Andes. Con un mapa de la República Argentina. La sociedad, la mujer, la joven, la familia. Rosario, Córdoba, Mendoza, Los Andes, los grandes lagos, Patagonia, la lana, las pieles, las carnes, la inmigración europea, costumbres políticas, el porvenir

Uloženo v:
Podrobná bibliografie
Hlavní autor: Huret, Jules (Autor)
Médium: Kniha
Jazyk:španělština
Vydáno: París Eugène Fasquelle 1913
Vydání:1a. ed
Témata:
Tagy: Přidat tag
Žádné tagy, Buďte první, kdo vytvoří štítek k tomuto záznamu!

MARC

LEADER 00000nam a2200000 a 4500
001 UCJ4076
003 CL-VaPUC
008 070124e19130000FR |||||||||||||||||spa|d
082 0 4 |a 910.4  |b HUR  |2 21 
100 |a Huret, Jules  |e author  |9 507942 
245 1 3 |a La Argentina. Del Plata a la Cordillera de los Andes. Con un mapa de la República Argentina. La sociedad, la mujer, la joven, la familia. Rosario, Córdoba, Mendoza, Los Andes, los grandes lagos, Patagonia, la lana, las pieles, las carnes, la inmigración europea, costumbres políticas, el porvenir 
250 |a 1a. ed 
300 |a 594 p 
942 |c BK 
945 |d 20070124 00:00:00  |a rinostro 
260 |a París  |b Eugène Fasquelle  |c 1913 
500 |a Mapa de la Argentina de comienzos del siglo XX 
650 0 |a Viajes  |9 257115 
650 0 |a Geografía  |9 259346 
650 0 |a Cultura  |9 269059 
650 0 |a Vida social  |9 337244 
650 0 |a Mujer  |9 255613 
650 0 |a Familias   |9 255641 
650 0 |a Ciudades  |9 265474 
650 0 |a Recursos naturales  |9 255232 
650 0 |a Inmigración  |9 268290 
650 7 |a ITALIANOS  |2 CL-VaPUC  |9 446950 
650 0 |a Españoles  |9 266190 
650 0 |a Alemanes   |9 452847 
650 0 |a Mapas  |9 260844 
650 0 |a Ganadería  |9 264177 
650 0 |a Cultura  |9 269059 
650 7 |a TIPOS HUMANOS  |2 CL-VaPUC  |9 504574 
650 0 |a Colonización  |9 265172 
651 0 |a Argentina  |9 254888 
651 7 |a MENDOZA  |2 CL-VaPUC  |9 506951 
651 7 |a BUENOS AIRES  |2 CL-VaPUC  |9 255286 
651 0 |a Córdoba  |9 267665 
651 7 |a ROSARIO  |2 CL-VaPUC  |9 388722 
651 7 |a ENTRERRIOS  |2 CL-VaPUC  |9 506952 
651 7 |a BAHIA BLANCA  |2 CL-VaPUC  |9 436238 
583 |a last modification  |c 20130628 04:23:48  |k Rodrigo Vera 
999 |c 320193  |d 320191 
952 |0 0  |1 0  |4 0  |6 910_400000000000000_HUR_1913  |7 0  |8 X  |9 398669  |a FDOBUD  |b FDOBUD  |d 2019-11-22  |i 1012916  |o 910.4 HUR 1913  |p 1012916  |r 2019-11-22  |w 2019-11-22  |y BK_X  |k BUD